| 000 | 01590nam a2200385 a 4500 | ||
|---|---|---|---|
| 001 | vtls000966655 | ||
| 003 | NLI | ||
| 005 | 20210627094731.0 | ||
| 008 | 120110s2008 ii g 000 p kan d | ||
| 020 | _cRs.60/ | ||
| 039 | 9 |
_a201803091102 _bvirupakshbh _c201803091101 _dvirupakshbh _c201309061508 _dvirupakshbh _c201201102212 _dvirupakshbh _y201201102031 _zvirupakshbh |
|
| 040 |
_aNLI _cKan _eAACR-2 |
||
| 041 | 0 | _akan | |
| 044 | _aii | ||
| 082 | 0 | 4 |
_a894.81417 _222 |
| 100 | 1 |
_6880-01 _aಮಠಪತಿ, ಶೈಲಜಾ.ಎಸ್. _9679152 |
|
| 245 | 1 |
_6880-02 _aನಲಿಯೇ ನವಿಲೆ / _cಶೈಲಜಾ ಎಸ್.ಮಠಪತಿ |
|
| 260 |
_aಚಿಂಚಣಿ: _bಮಕ್ಕಳಲೋಕ ಪ್ರಕಾಶನ, _c2008 |
||
| 300 |
_axii, 52p.; _c18cm. |
||
| 500 | _aLibrary has three copy | ||
| 650 | 0 | _aKannada poetry | |
| 880 | 1 |
_6100-01 /(B _aMathapati, Śailaja.S. |
|
| 880 | 1 |
_6245-02 /(B _aNaliye navile / _cŚailaja S.Mathapati |
|
| 887 | _aviru | ||
| 901 |
_aKan 37902 _b23/3/2009 _4(c.2) |
||
| 901 |
_aKan 37903 _b23/3/2009 _4(c.3) |
||
| 901 |
_aKan 37901 _b23/3/2009 |
||
| 902 | _aKan 894.81417 M 9671 | ||
| 904 | _aviru | ||
| 949 |
_AVIRTUAITEM _D10009 _F2 _X100 _6DBA000037902KAN _akan 894.81417 M9671 c2 _ekan 37902 |
||
| 942 |
_2ddc _cBKS |
||
| 949 |
_AVIRTUAITEM _D10009 _F3 _X100 _6DBA000037903KAN _akan 894.81417 M9671 c3 _ekan 37903 |
||
| 949 |
_AVIRTUAITEM _D10009 _F1 _X100 _6DBA000037901KAN _akan 894.81417 M9671 _ekan 37901 |
||
| 999 |
_aVIRTUA40 _c790077 _d790077 |
||
| 999 | _aVTLSSORT0080*0200*0400*0410*0440*0820*1000*2450*2600*3000*5000*6500*8800*8801*9012*9010*9011*9020*9040*9992 | ||